Statistics for Factions in Warhammer 40K

Click here to take the quiz!

General Stats

  • This quiz has been taken 32 times
  • The average score is 14 of 16

Answer Stats

HintAnswer% Correct
The Emperor's angelsSpace Marines
100%
Undead, skeletal robots who fought the above 66 million years agoNecrons
93%
Young, upstart xenos empire; believe in allying all species in the galaxy under their banner "for the greater good.''T'au Empire
93%
Super long-lived, elegant xenos; declining numbers after their society collapsed 10,000 years ago due to Slaanesh. Some wander the galaxy, some raid and torture, and some love a good jokeAeldari
90%
Mortal human conscripts who fight for the Imperium; highly expendableImperial Guard
90%
Warmongering, greenskinned xenos who use ramshackle technology and have British accents; same name as Tolkien's antagonistsOrks
90%
Swarming, insect-like xenos who devour everything in their pathTyranids
90%
Corrupted angels of the Emperor, now servants of the Dark GodsChaos Space Marines
86%
Imperial Households; their nobles pilot giant mechsImperial Knights
86%
The incredibly powerful personal guard of the Emperor; wear golden armorAdeptus Custodes
83%
The all-female military arm of the EcclesiarchySisters of battle
83%
Traitor Households, piloting gargantuan mechs twisted into monsters by the ruinous powersChaos Knights
79%
Insidious cults who worship the above as gods and merge the aliens' DNA with their ownGenestealer Cults
79%
The tech-priests of the Imperium; make everyone's weapons and view the Emperor as the Omnissiah, or "Machine God.''Adeptus Mechanicus
76%
Resemble muscular, short humans; worship AI and greedily strip-mine planets for resourcesLeagues of Votann
76%
Being of the Warp; servants to the four Chaos GodsDaemons
62%

Score Distribution

Percentile by Number Answered

Percent of People with Each Score

Your Score History

You have not taken this quiz